000 00773nam a2200277Ia 4500
003 OSt
005 20221006153241.0
006 a|||||r|||| 00| 0
007 ta
008 221006b |||||||| |||| 00| 0 kor d
020 _a9788983921796
_cW 18,000
024 _a31,761
037 _bGift, Korean Embassy
_cTextual
040 _aEASL
_cEASL
_bkor
041 _2kor
_akor
082 _aO495, P5
100 _aKIM Yoon-Sik Au.
_9662836
245 0 _aJakeun Geulsseugi, Kheun Geulsseugi
260 _aGyeongido
_bMoonhak Sucheop Korea
_c2005
300 _a458p.
_ccm.
490 _v KL
650 _a KL
650 _aKorean literature
_937419
942 _hO495, P5
_cTEXL
_2CC
999 _c1099847
_d1099847